Statistics for Premier League Players 2021/22 by Name - B

Click here to take the quiz!

General Stats

  • This quiz has been taken 53 times
  • The average score is 17 of 33

Answer Stats

PositionClubNationPlayer% Correct
DFManchester UnitedIvory CoastEric Bailly
92%
FWLeeds UnitedEnglandPatrick Bamford
86%
FWBurnleyEnglandAshley Barnes
84%
FWLeicester CityEnglandHarvey Barnes
84%
FWCrystal PalaceBelgiumChristian Benteke
81%
FWWest Ham UnitedAlgeriaSaid Benrahma
81%
FWTottenham HotspurNetherlandsSteven Bergwijn
81%
MFBrighton & Hove AlbionMaliYves Bissouma
81%
MFAston VillaArgentinaEmiliano Buendia
73%
GKWatfordAustriaDaniel Bachmann
70%
FWAston VillaJamaicaLeon Bailey
70%
DFWolvesIvory CoastWilly Boly
70%
GKEvertonBosnia-HerzegovinaAsmir Begovic
68%
MFChelseaEnglandRoss Barkley
68%
DFBrighton & Hove AlbionEnglandDan Burn
57%
DFSouthamptonPolandJan Bednarek
57%
FWWest Ham UnitedEnglandJarrod Bowen
54%
FWSouthamptonAlbaniaArmando Broja
51%
FWArsenalEnglandFolarin Balogun
51%
GKChelseaEnglandMarcus Bettinelli
46%
DFBurnleyScotlandPhil Bardsley
46%
GKCrystal PalaceEnglandJack Butland
43%
MFBurnleyEnglandJosh Brownhill
38%
DFLeicester CityCroatiaFilip Benkovic
35%
MFBrentfordGrenadaShandon Baptiste
27%
DFLeicester CityEnglandRyan Bertrand
24%
FWWatfordEnglandKwadwo Baah
19%
MFChelseaEnglandLewis Baker
16%
MFBrentfordDenmarkMads Bidstrup
14%
FWCrystal PalaceScotlandScott Banks
14%
DFNorwich CityEnglandSam Byram
11%
DFEvertonEnglandJarrad Branthwaite
8%
DFBrentfordDenmarkMads Bech Sorensen
8%

Score Distribution

Percentile by Number Answered

Percent of People with Each Score

Your Score History

You have not taken this quiz